Anecdotes rock - Difficulté difficile - Statistiques

Statistiques générales
  • Ce quiz a été pris 38 fois
  • Le résultat moyen est 5 sur 20
Statistiques - réponses
Hint Réponse % Correct
Quel groupe de rock a été le premier à jouer un concert sur les ruines de Pompéi, sans public, pour un film documentaire ? Pink Floyd
71%
Quel groupe a enregistré l’album “In the Court of the Crimson King” en 1969, souvent considéré comme le premier album de rock progressif ? King Crimson
55%
Quel album de Pink Floyd est souvent considéré comme l’un des premiers albums conceptuels ? The Dark Side of the Moon
55%
Quel groupe de rock a été le premier à jouer un concert dans un stade ? The Beatles
52%
Quel album de David Bowie a été influencé par son séjour à Berlin et est souvent considéré comme l’un des plus grands albums de tous les temps ? Heroes
45%
Quel célèbre guitariste a été brièvement membre des Yardbirds avant de former son propre groupe ? Jeff Beck
32%
Quel célèbre chanteur de rock a été surnommé “The Lizard King” ? Jim Morrison
29%
Quel artiste organisait des folles soirées ou des nains portait des plateaux de cocaïne Freddie Mercury
26%
Quel album des Beatles contient une chanson cachée qui ne peut être entendue qu’en jouant le disque à l’envers ? The White Album
26%
Quel album des Beatles a été le premier à être enregistré en utilisant un magnétophone à huit pistes ? The White Album
26%
Quel célèbre producteur de musique a été accusé de meurtre et condamné à la prison à vie ? Phil Spector
23%
Quel artiste a été accusé du meurtre de sa petite amie en 1978? Sid Vicious
23%
En combien de temps Kurt Cobain à ecrit son tube "Smells like teen spirit" 5 minutes
16%
Quel célèbre guitariste a une fois remplacé toutes les cordes de sa guitare par des cordes de basse pour obtenir un son unique lors d’un enregistrement ? Jimi Hendrix
16%
Quel album de rock a été enregistré entièrement dans une maison hantée à Los Angeles ? Blood Sugar Sex Magik
13%
Quel groupe de rock a été le premier à utiliser un synthétiseur Moog sur un album ? The Doors
13%
Quel groupe de rock a été le premier à utiliser des effets de lumière laser lors de leurs concerts ? The Who
13%
Quel album de David Bowie a été influencé par la musique électronique allemande et enregistré en partie à Berlin ? Low
10%
Quel groupe de rock a été le premier à utiliser un theremin sur un album ? Beach Boys
3%
Quel groupe de rock a été le premier à utiliser un orchestre symphonique complet sur un album ? The Moody Blues
3%
Aucun quiz correspondant
Distribution des résultats
% des personnes avec chaque résultat
Percentile par nombre de réponses
Votre historique - résultats
Vous n’avez pas pris ce quiz